False God - Taylor Swift (All Lyrics) - Statistics

General Stats
  • This quiz has been taken 444 times
  • The average score is 285 of 321
Answer Stats
Lyrics % Correct
I
100%
a
99%
it
99%
We
99%
we
99%
you?
99%
you
99%
you,
99%
You
99%
this
98%
to
98%
false
97%
go
97%
god
97%
it's
97%
for
96%
still
96%
Still
96%
the
96%
The
96%
were
96%
we're
96%
love
95%
love,
95%
your
95%
Even
94%
even
94%
think
94%
when
94%
with
94%
die
93%
do
93%
I'd
93%
if
93%
is
93%
just
93%
crazy
92%
Crazy
92%
get
92%
might
92%
can
91%
like
91%
my
91%
worship
91%
you're
91%
You're
91%
away
90%
can't
90%
I'm
90%
In
90%
in
90%
said
90%
that
90%
how
89%
Remember
89%
talk
89%
And
88%
and
88%
babe
88%
hips
88%
New
88%
York
88%
City
87%
me,
87%
me
87%
We'd
87%
could
86%
lips
84%
not
84%
stupid
84%
work
84%
us
83%
altar
82%
jump
82%
favorite
81%
But
80%
Religion's
80%
town
80%
ocean
77%
Staring
77%
They
77%
blind
76%
know
76%
say
76%
times
76%
about
75%
fight
75%
Hell
75%
lost
75%
out
75%
there
75%
Village
75%
West
75%
all
74%
faith,
74%
faith
74%
so
74%
touch
74%
window
74%
by
73%
heaven's
73%
honey
73%
gets
72%
good
72%
road
72%
thing
71%
warned
71%
up
70%
hard
69%
led
68%
patch
68%
separating
68%
leave
64%
try
62%
Got
61%
fly
60%
scare
60%
wine
60%
Daring
58%
forgiveness
58%
begging
57%
ah
50%
Make
50%
confessions
46%
No matching quizzes found
Score Distribution
Percent of People with Each Score
Percentile by Number Answered
Your Score History
You have not taken this quiz